书目信息 |
| 题名: |
项目采购管理
|
|
| 作者: | 白丽君 , 傅培华 编著 | |
| 分册: | ||
| 出版信息: | 北京 中国物资出版社 2009 |
|
| 页数: | 320页 | |
| 开本: | 26cm | |
| 丛书名: | ||
| 单 册: | ||
| 中图分类: | F224.5 | |
| 科图分类: | ||
| 主题词: | 项目管理--采购--教材 , 项目管理 , 采购 | |
| 电子资源: | ||
| ISBN: | 978-7-5047-2981-1 | |
| 000 | 01039nam0 2200289 45 | |
| 001 | 1034557769 | |
| 005 | 20100319081543.37 | |
| 010 | @a978-7-5047-2981-1@dCNY34.00 | |
| 100 | @a20100311d2009 em y0chiy50 ea | |
| 101 | 0 | @achi |
| 102 | @aCN@b110000 | |
| 105 | @aa z 000yy | |
| 106 | @ar | |
| 200 | 1 | @a项目采购管理@AXiang Mu Cai Gou Guan Li@f白丽君,傅培华编著@FBai Li Jun, Fu Pei Hua Bian Zhu |
| 210 | @a北京@c中国物资出版社@d2009 | |
| 215 | @a320页@c图@d26cm | |
| 300 | @a21世纪采购与供应规划系列教材 | |
| 330 | @a本书共分6章,对《采购指南》和MBD及新版FIDIC合同进行了介绍和阐述,并概括性地论述了合同管理。内容包括:项目采购管理概论、工程项目采购、货物采购、咨询服务项目采购、合同管理和新版FIDIC标准合同文件。 | |
| 333 | @a本书可作为高等院校的相关教材。 | |
| 606 | 0 | @a项目管理@x采购@j教材 |
| 606 | 0 | @a项目管理 |
| 606 | 0 | @a采购 |
| 690 | @aF224.5@v4 | |
| 701 | 0 | @a白丽君@ABai Li Jun@4编著 |
| 701 | 0 | @a傅培华@AFu Pei Hua@f(1966~)@4编著 |
| 801 | 0 | @aCN@bTANGWEI@c20100319 |
| 905 | @b0586240-42@dF224.5@e341@f3 | |
| 项目采购管理/白丽君,傅培华编著.-北京:中国物资出版社,2009 |
| 320页:图;26cm |
| 21世纪采购与供应规划系列教材.-使用对象:本书可作为高等院校的相关教材。 |
| ISBN 978-7-5047-2981-1:CNY34.00 |
| 本书共分6章,对《采购指南》和MBD及新版FIDIC合同进行了介绍和阐述,并概括性地论述了合同管理。内容包括:项目采购管理概论、工程项目采购、货物采购、咨询服务项目采购、合同管理和新版FIDIC标准合同文件。 |
| ● |
| 相关链接 |
|
|
|
|
正题名:项目采购管理
索取号:F224.5/341
 
预约/预借
| 序号 | 登录号 | 条形码 | 馆藏地/架位号 | 状态 | 备注 |
| 1 | 0586240 | 205862404 | 第一样本阅览室/ [索取号:F224.5/341] | 在馆 | |
| 2 | 0586241 | 205862413 | 第一借阅区/ [索取号:F224.5/341] | 在馆 | |
| 3 | 0586242 | 205862422 | 密集书库-海洋学院/ [索取号:F224.5/341] | 在馆 |